000 00884nam a2200277 i 4500
001 15986
003 ES-MaACL
005 20250822050634.0
007 t|
008 000530s1997 sp ||||0| spa j
020 _a84-7846-701-7
040 _aM-BN
_bspa
_cM-BN
080 _a002"19"
080 _a028.01
100 1 _aFlor, Fernando R. de la.
_951231
245 1 0 _aBiblioclasmo
_b: por una práctica crítica de la lecto-escritura /
_cFernando R. de la Flor.
260 _a[Valladolid] :
_bConsejería de Educación y Cultura,
_c1997.
300 _a382 p. :
_bil. ;
_c22 cm.
490 1 _aEnsayo/las ideas
650 1 4 _aLibros-
_yS.XX.
_914445
650 1 7 _aLectura
_2embne
_914059
710 1 _aCastilla y León.
_bConsejería de Educación y Cultura.
_92500
830 0 _aEnsayo/las ideas
_9179851
852 _aES-MaACL
_jL-23145
_bR.128281
999 _c15986
_d15986